Gilbert & Sullivan Rhymes - Statistics

General Stats
  • This quiz has been taken 65 times
  • The average score is 10 of 12
Answer Stats
% Correct
But it really doesn't matter whom you put upon the list, / For they'd none of 'em be {missed} -- they'd none of 'em be {missed}! The Mikado
96%
I thought so little, they rewarded me / By making me the Ruler of the Queen's {Navy}! H.M.S. Pinafore
94%
When Wellington thrashed Bonaparte, / As every child can tell, / The House of Peers, throughout the war, / Did nothing in particular, / And did it very {well}. Iolanthe
94%
Oh, is there not one maiden here / Whose homely face and bad complexion / Have caused all hope to disappear / Of ever winning man's {affection}? The Pirates of Penzance
90%
I've got to take under my wing, / Tra la, / A most unattractive old {thing}, / Tra la, / With a caricature of a face. The Mikado
88%
About binomial theorem I'm teeming with a lot o' news, / With many cheerful facts about the square of the {hypotenuse}. The Pirates of Penzance
84%
I am never known to quail / At the fury of a {gale}, / And I'm never, never sick at sea! H.M.S. Pinafore
78%
If I were Fortune -- which I'm not -- / B should enjoy A's happy lot, / And A should die in miserie / That is, assuming I am {B}. The Mikado
76%
In enterprise of martial kind, / When there was any {fighting}, / He led his regiment from behind -- / He found it less exciting. The Gondoliers
75%
(Very loud) With cat-like tread, / Upon our prey we steal; / In silence dread, / Our cautious way we {feel}. The Pirates of Penzance
75%
You must lie upon the daisies and discourse in novel phrases of your complicated state of mind, / The meaning doesn't matter if it's only idle {chatter} of a transcendental kind. Patience
71%
But very much better / Their lot it must be / Than that of the person / I'm making this verse on, / Whose head there's a {curse} on -- / Alluding to me! Ruddigore
57%
No matching quizzes found
Score Distribution
Percent of People with Each Score
Percentile by Number Answered
Your Score History
You have not taken this quiz